000 00557nam a22002057a 4500
003 OSt
005 20140310182911.0
008 130128t xxu||||| |||| 00| 0 eng d
020 _a9710855018
050 _aHM 101
_b.M952 1993
082 _aFIL 338
_b.M952 1993
245 _aDynamics of development : the Philippine perspective
_cMuhi, Estrellita T.
260 _aManila
_bNational Book Store
_c1993
300 _a277 p.
_c22.2 cm.
521 _acollege students
526 _c1210L-1700L
541 _j1
562 _e1
942 _2lcc
_cBK
_kFIL
999 _c17219
_d17219